<?xml version="1.0" encoding="UTF-8"?>
<collection xmlns="http://www.loc.gov/MARC21/slim">
 <record>
  <leader>00958nam a22002295a 4500</leader>
  <controlfield tag="001">CEM.cems006001</controlfield>
  <controlfield tag="005">20060214000000.0</controlfield>
  <controlfield tag="008">130507s1961##################000#0#####d</controlfield>
  <controlfield tag="003">CEMS</controlfield>
  <datafield tag="082" ind1="0" ind2="4">
   <subfield code="a">575.01</subfield>
  </datafield>
  <datafield tag="100" ind1="1" ind2=" ">
   <subfield code="a">Simpson, George Gaylord</subfield>
  </datafield>
  <datafield tag="245" ind1="1" ind2="0">
   <subfield code="a">El sentido de la evolución /</subfield>
  </datafield>
  <datafield tag="250" ind1=" " ind2=" ">
   <subfield code="a">3a. ed.</subfield>
  </datafield>
  <datafield tag="260" ind1=" " ind2=" ">
   <subfield code="a">Buenos Aires :</subfield>
   <subfield code="b">Eudeba,</subfield>
   <subfield code="c">1961</subfield>
  </datafield>
  <datafield tag="300" ind1=" " ind2=" ">
   <subfield code="a">320 p.</subfield>
  </datafield>
  <datafield tag="505" ind1="0" ind2=" ">
   <subfield code="a">Mol'culas b sicas de la vida.-Ladrillos qu¡micos.-Doble herencia del hombre.-Civilizaci¢n y desarrollo de la ciencia.-Leyes mendelianas. -C'lula.-Mecanismos de la herencia.-Cambios gen'ticos.-Principios bioqu¡micos.-ADN, ARN y prote¡nas.-Una mirada hacia el futuro.-</subfield>
  </datafield>
  <datafield tag="653" ind1=" " ind2=" ">
   <subfield code="a">Etica</subfield>
  </datafield>
  <datafield tag="653" ind1=" " ind2=" ">
   <subfield code="a">Evolucion</subfield>
  </datafield>
  <datafield tag="653" ind1=" " ind2=" ">
   <subfield code="a">Hombre y naturaleza</subfield>
  </datafield>
  <datafield tag="859" ind1=" " ind2=" ">
   <subfield code="a">CEMS</subfield>
   <subfield code="b">BIB. CEMS - 11 de abril</subfield>
   <subfield code="h">575.01</subfield>
   <subfield code="i">Si58a3</subfield>
   <subfield code="p">16341.91</subfield>
   <subfield code="t">Ej.3</subfield>
  </datafield>
  <datafield tag="859" ind1=" " ind2=" ">
   <subfield code="a">CEMS</subfield>
   <subfield code="b">BIB. CEMS - 11 de abril</subfield>
   <subfield code="h">575.01</subfield>
   <subfield code="i">Si58a3</subfield>
   <subfield code="p">3494.75</subfield>
   <subfield code="t">Ej.1</subfield>
  </datafield>
  <datafield tag="859" ind1=" " ind2=" ">
   <subfield code="a">CEMS</subfield>
   <subfield code="b">BIB. CEMS - 11 de abril</subfield>
   <subfield code="h">575.01</subfield>
   <subfield code="i">Si58a3</subfield>
   <subfield code="p">3495.75</subfield>
   <subfield code="t">Ej.2</subfield>
  </datafield>
 </record>
</collection>
